ILLUSTRATED CLINICAL ANATOMY (Record no. 1783)

MARC details
000 -LEADER
fixed length control field 00345nam a2200145Ia 4500
008 - FIXED-LENGTH DATA ELEMENTS--GENERAL INFORMATION
fixed length control field 150201s2005 xx 000 0 und d
082 ## - DEWEY DECIMAL CLASSIFICATION NUMBER
Classification number 611
Item number I05A
100 ## - MAIN ENTRY--PERSONAL NAME
Personal name ABRAHAMS, PETER
245 ## - TITLE STATEMENT
Title ILLUSTRATED CLINICAL ANATOMY
250 ## - EDITION STATEMENT
Edition statement 1ST
260 ## - PUBLICATION, DISTRIBUTION, ETC. (IMPRINT)
Name of publisher, distributor, etc. HODDER
Place of publication, distribution, etc. LONDON
Date of publication, distribution, etc. 2005
300 ## - PHYSICAL DESCRIPTION
Extent 1-390
650 ## - SUBJECT ADDED ENTRY--TOPICAL TERM
Topical term or geographic name as entry element HUMAN ANATOMY
942 ## - ADDED ENTRY ELEMENTS (KOHA)
Source of classification or shelving scheme Dewey Decimal Classification
Koha item type Books
Koha issues (borrowed), all copies 4
Holdings
Withdrawn status Lost status Source of classification or shelving scheme Damaged status Not for loan Collection code Home library Current library Shelving location Date acquired Source of acquisition Cost, normal purchase price SGTU Bill Number Total Checkouts Full call number Barcode Date last seen Bill Date Koha item type Date last checked out
    Dewey Decimal Classification     MEDICAL SGT Medical Library SGT Medical Library Text Book 07/06/2014 ABC DELHI 795.00 SGTU 4669   611 I05A FM6071 09/02/2015 14/07/2014 Books  
    Dewey Decimal Classification     MEDICAL SGT Medical Library SGT Medical Library Text Book 07/06/2014 ABC DELHI 795.00 SGTU 4669   611 I05A FM6072 09/02/2015 14/07/2014 Books  
    Dewey Decimal Classification     MEDICAL SGT Medical Library SGT Medical Library Text Book 07/06/2014 ABC DELHI 795.00 SGTU 4669 1 611 I05A FM6073 12/12/2016 14/07/2014 Books 22/11/2016
    Dewey Decimal Classification     MEDICAL SGT Medical Library SGT Medical Library Text Book 07/06/2014 ABC DELHI 795.00 SGTU 4669 1 611 I05A FM6074 19/09/2023 14/07/2014 Books 13/09/2023
    Dewey Decimal Classification     MEDICAL SGT Medical Library SGT Medical Library Text Book 07/06/2014 ABC DELHI 795.00 SGTU 4669 4 611 I05A FM6075 08/11/2023 14/07/2014 Books 08/11/2023